Magnum theatrum vitae humanae hoc est rerum divinarum humanarumque syntagma catholicum philosophicum, historicum et dogmaticum.

Detalles Bibliográficos
Autor principal: BEYERLINCK, Lorenzo
Formato: Libro
Publicado: Venecia 1707
Materias:
Colección:Banco de datos
Acervo:Biblioteca del Museo de sitio casa de Morelos. Morelia. Michoacán
Descripción Física:t. III
Tema general:Filosofía
Notas:Buena. H3,7. Convento de San Buenaventura de Valladolid ? Contiene las letras M, N, O, P.
LEADER 00798nam a22002050004500
035 |a 58297 
036 |a 1358 
100 1 |a BEYERLINCK, Lorenzo 
245 1 0 |a Magnum theatrum vitae humanae hoc est rerum divinarum humanarumque syntagma catholicum philosophicum, historicum et dogmaticum. 
260 |a Venecia  |b Nicolás Pezzana  |c 1707 
300 |a t. III 
500 |a Buena. H3,7. Convento de San Buenaventura de Valladolid ? Contiene las letras M, N, O, P. 
650 1 0 |a Filosofía 
949 |a C.MOR 
959 |a Museo de Sitio Casa de Morelos. Morelia, Michoacán  |b CCC8 
960 |a Museo de Sitio Casa de Morelos, Michoacán  |b DD91 
961 |a Varias Ordenes Religiosas  |b VO 
942 |c MORELIA 
943 |g Biblioteca del Museo de sitio casa de Morelos. Morelia. Michoacán 
999 |c 975796  |d 975796